000 00354nam a2200133Ia 4500
008 240624s9999 xx 000 0 und d
041 _aeng
082 _a658.8 SOR
100 _aSORENSEN HERB
245 _aINSIDE THE MIND OF THE SHOPPER THE SCIEN
260 _c2009
_aNew Jersey
_bWharton School
300 _axix, : 227 : p. : cm. ; 23
365 _c
_b30
999 _c14951
_d14951